000 00465nam a22001457a 4500
008 150313b xxu||||| |||| 00| 0 eng d
050 _aRA776.U54
100 _aBottom Line/Health (ed)
_916376
245 _aUncommon cures for everyday ailments
_cBottom Line/Health (ed)
260 _aStamford, US.
_bBottom Line Books
_c2010
300 _a304p. ;
_c26cm.
650 _aHealth, Personal
_916377
700 _aBottom Line/Health (ed)
_916378
942 _2lcc
_cMONOGRAPH
999 _c122453
_d122453